[Event "92nd St. Petersburg-ch Men 2019"]
[Site "Sankt Petersburg"]
[Date "2019.04.01"]
[Round "1.1"]
[White "Saveliev, Alexei"]
[Black "Lobanov, Sergei"]
[Result "1-0"]
[WhiteElo "2372"]
[BlackElo "2528"]
[Annotator "TA"]
[PlyCount "119"]
[EventDate "2019.04.01"]
[EventType "tourn"]
[EventCountry "RUS"]
[SourceTitle "playchess.com"]
[Source "ChessBase"]
[SourceQuality "1"]

{[%evp 9,119,-17,0,0,4,2,3,1,0,-16,0,0,16,14,12,12,20,11,37,17,25,16,22,19,37,7,18,-7,26,30,25,20,36,0,5,-32,7,19,36,-2,-9,-20,11,0,0,0,0,-12,-25,-24,-25,-38,0,0,0,0,0,0,0,0,0,0,20,8,210,216,209,217,366,366,362,302,576,591,1095,1035,921,647,643,619,1246,1195,1109,856,1210,621,570,575,566,555,647,640,669,676,658,661,839,834,914,874,802,540,606,581,1093,918,868,833,895,714,859,693]} 1. e4 e5 2. Nf3 Nc6 3. Be2 Nf6 4. d3 d5 5. Nbd2 g6 6. c3 {C44: Ponziani Opening and Scotch Gambit} Bg7 7. b4 O-O (7... a6 8. O-O O-O 9. Bb2 Re8 10. a4 b6 11. b5 axb5 12. axb5 Rxa1 13. Qxa1 Na5 {1-0 (33) Kunin,V (2557)-Basso,P (2516) Ferreira do Alentejo 2018}) 8. O-O {The position is equal.} Re8 9. Rb1 $146 ({Predecessor:} 9. a3 b6 10. Re1 Bb7 11. Bf1 Nb8 12. Bb2 Nbd7 13. exd5 Nxd5 {0-1 (70) Martin Alvarez,I (2316)-Villalta Bustillo,I (2182) Zornotza 2011}) 9... h6 10. Re1 a6 11. a4 Be6 12. Bf1 b5 13. Qc2 Rb8 14. Ba3 Kh7 15. g3 Nd7 16. Bg2 Ne7 17. h4 c6 18. Rbd1 f5 19. Bh3 fxe4 20. Bxe6 exf3 21. h5 Rf8 22. Bg4 Nf6 23. hxg6+ Nxg6 24. Bxf3 Qd7 25. Bg2 Qf5 26. Nf1 h5 27. Ne3 Qd7 28. Bc1 h4 29. axb5 axb5 30. Qe2 Rf7 31. Kh2 {And now Bh3 would win.} Rh8 32. Rh1 $1 hxg3+ (32... Kg8 $5 33. Kg1 $8 h3 $11) 33. Kg1+ Kg8 {[#] White must now prevent ...Rxh1+.} 34. Rxh8+ Bxh8 35. fxg3 Bg7 36. Rf1 Qa7 $2 {[#]} (36... Ne7 $11) 37. Bh3 $1 $18 Nf8 38. Kg2 c5 (38... e4 $142) 39. Nf5 cxb4 40. cxb4 ({Stronger than} 40. Qxe5 Qa2+ 41. Kg1 (41. Rf2 Qxf2+ 42. Kxf2 Ne4+ 43. dxe4 Bxe5 $17) 41... Ng4 $17) 40... Ng6 $2 (40... N6h7 41. Re1 Ng6) 41. Nd6 {White is clearly winning.} Rd7 42. Be6+ Kf8 43. Bxd7 Qxd7 44. Nf5 Bh8 45. Bg5 Qe6 46. Qf2 Ke8 47. Nd4 Qg4 48. Qf5 Qxf5 49. Rxf5 Kf7 50. Nxb5 Ke6 51. Rf1 Ne8 52. Rc1 e4 53. dxe4 dxe4 54. Rc6+ Kf5 55. Rc5+ Be5 56. Be3 Kg4 57. Nd4 Nd6 58. b5 Nf7 59. Ne2 Nd6 60. Bd4 {Accuracy: White = 63%, Black = 41%.} 1-0

[Event "92nd St. Petersburg-ch Men 2019"]
[Site "Sankt Petersburg"]
[Date "2019.04.01"]
[Round "1.2"]
[White "Usmanov, Vasily"]
[Black "Schekachikhin, Maksim"]
[Result "1/2-1/2"]
[WhiteElo "2450"]
[BlackElo "2428"]
[Annotator "TA"]
[PlyCount "90"]
[EventDate "2019.04.01"]
[EventType "tourn"]
[EventCountry "RUS"]
[SourceTitle "playchess.com"]
[Source "ChessBase"]
[SourceQuality "1"]

{[%evp 9,90,22,39,39,42,43,32,45,29,29,38,27,28,-16,-19,-37,-38,-59,-61,-70,-55,-70,-79,-84,-84,-92,-56,-56,-53,-58,-36,-46,-47,-41,-45,-48,-47,-52,-45,-47,-45,-50,-45,-48,-37,-37,-37,-41,-42,-34,-34,-43,-43,-39,-38,-49,-43,-41,-21,-21,-21,-22,-22,-25,-25,-25,-25,-48,-48,-58,-58,-58,-58,-59,-56,-56,-56,-56,-56,-56,-56,-56,-56]} 1. d4 d5 2. c4 e6 3. Nc3 {[%cal Bb1c3,Bc3e4,Be4c5][%mdl 32]} c6 4. e4 dxe4 5. Nxe4 c5 6. Nxc5 {D31: Queen's Gambit Declined: Semi-Slav without ...Nf6 (+ Marshall Gambit and Noteboom) and Exchange Variation lines without ...Nf6} Nc6 7. Nf3 Nxd4 {[%mdl 64] [#] Remove Defender} 8. Qxd4 {White is slightly better.} Qxd4 9. Nxd4 {Strongly threatening Nd3.} Bxc5 10. Nb5 {aiming for Nc7+.} Ke7 11. a3 $146 (11. Nc7 $5 {[%cal Rc7a8]} Rb8 12. Bf4 $11) ({Predecessor:} 11. Bd2 Bd7 12. b4 Bxb5 13. cxb5 {½-½ (40) Caruana,F (2784)-Kramnik,V (2800) Berlin 2018}) 11... Bd7 12. b4 Bxb5 $1 13. Bb2 Nf6 14. cxb5 Bb6 15. Be2 Rac8 16. Ra2 Ne4 17. O-O Nc3 18. Bxc3 $1 Rxc3 19. Bf3 Rc7 20. Rd1 Rd8 21. Rxd8 Kxd8 $15 {[%mdl 4096] Endgame KRB-KRB} 22. Kf1 Ke7 23. Ke2 f5 24. Rd2 e5 {[#] Threatens to win with ...e4.} 25. Bd5 Bd4 26. f4 Rd7 27. Bg8 exf4 28. Bxh7 Kf6 29. h4 Re7+ 30. Kf1 Re4 31. Bg8 Ke5 32. Bc4 Re3 33. Re2 Rxe2 34. Kxe2 {KB-KB} Bb2 35. a4 Bc3 36. h5 Bxb4 37. Kf3 Bd2 38. b6 axb6 {Black is slightly better.} 39. h6 gxh6 40. Bf1 Kd4 41. Bb5 h5 42. Be8 h4 43. Bb5 Kc3 44. Bf1 Be3 45. Bb5 Kb4 {Accuracy: White = 61%, Black = 90%.} 1/2-1/2

[Event "92nd St. Petersburg-ch Men 2019"]
[Site "Sankt Petersburg"]
[Date "2019.04.01"]
[Round "1.3"]
[White "Levin, Evgeny A."]
[Black "Askerov, Marat"]
[Result "1-0"]
[WhiteElo "2514"]
[BlackElo "2318"]
[Annotator "TA"]
[PlyCount "57"]
[EventDate "2019.04.01"]
[EventType "tourn"]
[EventCountry "RUS"]
[SourceTitle "playchess.com"]
[Source "ChessBase"]
[SourceQuality "1"]

{[%evp 20,57,31,32,20,23,37,35,31,0,29,27,45,34,49,48,139,131,133,133,135,134,268,283,276,218,480,450,646,612,762,735,770,776,767,765,1030,883,1336,1318]} 1. d4 Nf6 2. c4 e6 3. Nf3 Bb4+ 4. Nbd2 O-O 5. a3 Be7 6. e4 d6 {E11: Bogo-Indian} (6... d5 7. e5 Nfd7 8. Bd3 c5 9. h4 g6 10. O-O Nc6 11. Nb3 dxc4 12. Bxc4 cxd4 13. Re1 a5 14. Bh6 Re8 15. Rc1 Nb6 {1-0 (39) Ding,L (2804)-Saric,I (2689) Batumi 2018}) 7. Be2 Nbd7 8. O-O e5 9. Qc2 exd4 10. Nxd4 Re8 11. b3 {LiveBook: 7 Games} Bf8 12. Bb2 Nc5 13. f3 Bd7 $146 ({Predecessor:} 13... c6 14. Rad1 {½-½ (32) Sumets,A (2574)-Venkatesh,M (2460) Rochefort 2015}) 14. Kh1 Nh5 15. g3 Bh3 16. Rg1 c6 17. b4 $36 {[%mdl 2048] White has good play.} Ne6 (17... Nd7 $1 $14) 18. Nxe6 Bxe6 19. f4 Nf6 {[#]} 20. g4 $1 h6 (20... d5 $16) 21. g5 $18 hxg5 22. Rxg5 ({Weaker is} 22. fxg5 Nd7 $14) 22... d5 $2 (22... a5 23. f5 Bd7) 23. Rag1 {White is clearly winning.} d4 (23... dxe4 $142 24. Qc3 (24. Nxe4 $2 Nxe4 25. Bxg7 Nxg5 $19) 24... Bc8 25. Qxf6 Qxf6 26. Bxf6 g6) 24. e5 Nh7 25. Rh5 {[%csl Gh5][%cal Rc2h7] [#]} f5 26. Bd3 Qd7 27. Nf3 c5 28. b5 b6 29. Qg2 {Precision: White = 90%, Black = 13%.} 1-0

[Event "92nd St. Petersburg-ch Men 2019"]
[Site "Sankt Petersburg"]
[Date "2019.04.01"]
[Round "1.4"]
[White "Lesovoi, Evgenij"]
[Black "Smirnov, Artem"]
[Result "1-0"]
[WhiteElo "2305"]
[BlackElo "2413"]
[Annotator "TA"]
[PlyCount "195"]
[EventDate "2019.04.01"]
[EventType "tourn"]
[EventCountry "RUS"]
[SourceTitle "playchess.com"]
[Source "ChessBase"]
[SourceQuality "1"]

{[%evp 16,195,7,6,24,0,0,0,0,0,7,0,0,0,0,0,0,0,7,7,7,0,0,0,0,0,0,0,0,0,0,0,0,0,14,0,0,0,0,0,0,0,0,0,0,0,0,0,0,0,13,0,0,0,0,0,0,0,76,77,77,75,77,77,85,75,76,56,56,56,75,78,83,75,75,68,74,64,75,75,75,75,76,76,76,76,76,76,76,76,77,77,77,75,72,67,79,77,77,65,79,79,81,79,80,72,72,72,80,77,77,77,77,77,84,77,136,133,144,144,145,145,145,145,145,25,25,25,146,25,25,25,25,25,25,25,135,135,135,135,83,83,153,153,156,156,156,25,25,25,6548,6075,2495,1851,592,360,1058,305,29965,29963,29977,29978,29984,29985,29986,29987,29989,29983,29983,29984,29984,29985,29985,29986,29986,29983,29983,29983,29992,29993,29994,29993]} 1. d4 d5 2. Nf3 Bf5 3. c4 e6 4. Nc3 Nf6 5. Bg5 c6 6. cxd5 exd5 7. Qb3 Qb6 8. Bxf6 gxf6 9. e3 Na6 {D35: Queen's Gambit Declined: Exchange Variation} 10. Nh4 Qxb3 11. axb3 Nb4 $1 {[%cal Rb4c2] The position is equal.} 12. Kd2 Be6 13. Be2 {[#]} Bd6 $146 ({Predecessor:} 13... b6 14. g3 a5 15. Na4 Rb8 16. Rac1 Rg8 17. Rhd1 {½-½ (82) Bu,X (2693)-Rapport,R (2701) Helsingor 2014}) 14. g3 a5 15. Rhc1 Ke7 16. Na4 Rhd8 17. Ng2 Rab8 18. Nf4 b6 19. Nc3 Rdc8 20. Nd3 h6 21. Nxb4 Bxb4 22. Ba6 Rg8 {...b5 is the strong threat.} 23. Bd3 Kd7 24. Ke2 Bg4+ 25. f3 Be6 26. Kf2 Bd6 27. Rc2 h5 28. Ne2 h4 29. g4 Bxh2 30. Rh1 Bd6 31. Rxh4 Rh8 32. Bh7 c5 33. Rh5 Ke7 34. Nc3 cxd4 35. exd4 Rbd8 36. Ke3 Rc8 (36... Rde8 $11 {keeps the balance.}) 37. Nxd5+ $16 Bxd5 38. Rxc8 Rxc8 39. Rxd5 {[%mdl 4096] Endgame KRB-KRB} Rc1 40. Rh5 Re1+ 41. Kd2 Bb4+ 42. Kd3 Bd6 43. Be4 Rd1+ 44. Ke3 Re1+ 45. Kd2 $1 {[%cal Rd2e1]} Rg1 46. Rh8 Rg2+ 47. Kc3 b5 48. Bd5 Bb4+ 49. Kd3 Rxb2 50. Rb8 Rd2+ 51. Ke3 Bc3 52. Rxb5 Rd1 53. Rb7+ Kd6 54. Bxf7 Bxd4+ 55. Ke4 Be5 56. Ra7 Bc3 57. Bc4 Rd4+ 58. Kf5 Rd2 59. Ra6+ Kc5 60. f4 Rf2 61. Ke4 Rg2 62. Be6 Rg1 63. Bd7 Rd1 {Strongly threatening ...Rd4+.} 64. Rc6+ Kb4 65. Be6 Bb2 ({Black should try} 65... Re1+ 66. Kf5 Rf1) 66. Kf5 Re1 67. Rc4+ Kb5 68. Bd7+ Kb6 69. Rc6+ Kb7 70. Rxf6 ({Better is} 70. Rc2 $16 Bd4 71. Rd2) 70... Bxf6 $11 71. Kxf6 $16 {KR-KB} Kc7 (71... Re4 $1 $11 {remains equal.}) 72. Be6 ({White must play} 72. Bf5 $16 {Hoping for g5.} Rf1 73. g5) 72... Re4 $1 $11 73. Kf5 Re3 74. g5 Kd6 75. Bg8 Ke7 (75... Rf3 $1 $11) 76. Kg6 $1 $16 Kf8 {[#]} 77. Bd5 $1 Rd3 {[#]} 78. Be6 $1 {Threatens to win with Kf6.} Ke7 ({Black should play} 78... a4 79. bxa4 Rd4) 79. f5 Rg3 80. Bd5 {aiming for f6+.} Kf8 81. f6 (81. Kf6 $16) 81... Rd3 $1 $11 {[%cal Rd3d5]} 82. Be6 {And now Kh6 would win.} Re3 $2 {[%mdl 8192]} (82... Rd2 $11) 83. Kf5 $18 Rf3+ 84. Ke4 Rf2 85. Bf5 Re2+ $2 (85... a4 86. bxa4 Ra2) 86. Kf3 $2 (86. Kf4 Kf7 87. Be4) 86... Re5 $2 (86... Rd2 $18 87. Kf4 Rf2+ 88. Ke5 Rh2) 87. Kf4 {White mates.} Rb5 88. g6 Rb4+ 89. Be4 a4 90. bxa4 Rxa4 91. Ke5 Ra7 92. Bd5 Rc7 93. Kf5 Rd7 94. Be6 Ra7 95. Kg5 Rf7 96. Bf5 Rg7 97. fxg7+ Kxg7 98. Be4 {Accuracy: White = 62%, Black = 57%.} 1-0

[Event "92nd St. Petersburg-ch Men 2019"]
[Site "Sankt Petersburg"]
[Date "2019.04.02"]
[Round "2.1"]
[White "Lobanov, Sergei"]
[Black "Duzhakov, Ilya"]
[Result "1-0"]
[WhiteElo "2528"]
[BlackElo "2397"]
[Annotator "TA"]
[PlyCount "75"]
[EventDate "2019.04.01"]
[EventType "tourn"]
[EventCountry "RUS"]
[SourceTitle "playchess.com"]
[Source "ChessBase"]
[SourceQuality "1"]

{[%evp 21,75,21,29,1,4,0,27,0,18,23,21,21,35,17,16,16,8,0,0,0,0,0,0,-14,0,0,0,-35,50,42,80,15,129,142,130,121,273,287,261,269,297,284,389,370,431,426,507,412,389,360,572,566,558,510,1031,687]} 1. e4 c5 2. Nf3 d6 3. d4 cxd4 4. Nxd4 Nf6 5. Nc3 a6 6. f3 e5 7. Nb3 Be7 8. Be3 Be6 9. Qd2 O-O 10. O-O-O Nbd7 11. g4 b5 12. Rg1 {B90: Sicilian Najdorf: Unusual White 6th moves, 6 Be3 Ng4 and 6 Be3 e5} (12. g5 Nh5 13. Kb1 Nb6 14. Nd5 Nxd5 15. exd5 Bd7 16. Na5 Rc8 17. Bd3 Qc7 18. Rhg1 f5 19. gxf6 Bxf6 20. Nc6 Kh8 {1-0 (47) Wang,H (2730)-Najer,E (2670) St Petersburg 2018}) 12... Nb6 13. g5 Nfd7 14. Nd5 {White has an edge.} Nxd5 15. exd5 Bf5 16. Na5 Qc7 17. Nc6 Nb8 18. Nxe7+ Qxe7 19. f4 $146 ({Predecessor:} 19. Bd3 Bxd3 20. Qxd3 Nd7 21. h4 Rac8 22. h5 Rc4 23. h6 g6 24. Rge1 Rfc8 25. Rd2 e4 {½-½ (25) Vega Chirino,L (2362)-Aucay Pelaez,M (2240) Havana 2013}) 19... Nd7 20. Bd3 Bxd3 21. Qxd3 f5 22. Rge1 Rac8 23. Qa3 Rc4 24. Qxa6 (24. Bd4 $5) 24... Rb8 ({Black should try} 24... Re4 $15) 25. b3 $14 Re4 {[#]} 26. Ba7 (26. Kb2 $1 $16) 26... Rf8 (26... Ra8 $1 $11 {remains equal.} 27. Rxe4 fxe4) 27. Rxe4 $16 fxe4 {[#]} 28. f5 $1 Rxf5 $2 ({Don't play} 28... Qxg5+ $6 29. Kb2 $11) (28... Ra8 $16 {keeps fighting.}) 29. Be3 $18 Rf3 30. Re1 b4 31. Qc4 Rh3 32. Qxb4 Rxh2 33. Qxe4 Qf8 34. Kb1 Qc8 35. Rf1 Nf8 (35... g6 $142 36. Qd3 Rg2) 36. a4 {[%cal Ba2a4,Ba4a5][%mdl 32] White is clearly winning.} Ng6 37. a5 Qa6 (37... Rh4 $142 38. Qf5 Qxf5 39. Rxf5 Ne7) 38. Qc4 {Accuracy: White = 63%, Black = 34%.} 1-0

[Event "92nd St. Petersburg-ch Men 2019"]
[Site "Sankt Petersburg"]
[Date "2019.04.02"]
[Round "2.2"]
[White "Golikov, Daniil"]
[Black "Vlasenko, Miroslav"]
[Result "0-1"]
[WhiteElo "2298"]
[BlackElo "2410"]
[Annotator "TA"]
[PlyCount "68"]
[EventDate "2019.04.01"]
[EventType "tourn"]
[EventCountry "RUS"]
[SourceTitle "playchess.com"]
[Source "ChessBase"]
[SourceQuality "1"]

{[%evp 10,68,25,21,24,25,35,37,20,0,0,0,18,29,28,20,29,27,21,24,86,75,72,75,81,77,81,80,79,87,149,159,157,135,145,146,180,176,241,125,171,163,170,171,171,171,171,171,171,171,158,168,164,156,163,39,154,123,119,-889,-889]} 1. d4 f5 2. c4 Nf6 3. Nc3 e6 4. Nf3 Bb4 5. Bd2 O-O 6. g3 d5 {A85: Dutch Defence: 2 c4 Nf6 3 Nc3} (6... c6 7. Qb3 Ba5 8. Bg2 Ne4 9. Nxe4 fxe4 10. Bxa5 Qxa5+ 11. Nd2 d5 12. Qe3 Qb6 13. c5 Qc7 14. f3 {1-0 (49) Gordievsky,D (2641)-Pridorozhni,A (2589) Yaroslavl 2018}) 7. Qb3 Be7 8. Bg2 c6 {White is slightly better.} 9. Ne5 Qb6 $146 ({Predecessor:} 9... Kh8 10. Bg5 Nbd7 11. Nxd7 Nxd7 12. Bxe7 Qxe7 13. f4 Nb6 {0-1 (34) Forintos,G-Honfi,K Budapest 1958}) 10. c5 Qa6 11. Qc2 $36 {[%mdl 2048] White has some pressure.} Nbd7 12. Nd3 b6 $1 {[%cal Rb6c5]} 13. b4 bxc5 14. bxc5 Ne4 (14... Rb8 $11 {keeps the balance.}) 15. Nxe4 $16 fxe4 16. Nb4 Qb7 {Hoping for ...a5.} 17. Rb1 $1 {Black must now prevent Nxd5!} Qc7 {[#] Strongly threatening ...a5.} 18. Qa4 $1 Bb7 19. Bh3 Rf6 (19... Kf7 $142) 20. Bf4 Rxf4 21. gxf4 Nf8 22. e3 Bh4 23. Qd1 Qf7 {[#]} (23... Rb8 {might work better.} 24. Qe2 Ra8) 24. Qg4 (24. Qb3 $1 $18) 24... Bf6 25. Bf1 a5 26. Nc2 Bc8 27. Qg3 Ng6 {[%cal Bf8g6,Bg6h4,Bh4f3][%mdl 32]} 28. a4 Bh4 29. Qg2 Bd8 30. Be2 Nh4 31. Qg3 Qa7 32. Qg4 (32. Kd2 $18) 32... g6 (32... e5 $1 $14 33. Qh5 g6 34. Qxe5 Bd7) 33. Qg1 Ba6 {[%mdl 64] Overworked Piece} 34. Bxa6 $4 {[%mdl 8192]} (34. Kd2 $16) 34... Nf3+ {[%mdl 64] Double Attack. Accuracy: White = 56%, Black = 54%.} 0-1

[Event "92nd St. Petersburg-ch Men 2019"]
[Site "Sankt Petersburg"]
[Date "2019.04.02"]
[Round "2.3"]
[White "Smirnov, Artem"]
[Black "Shubin, Kirill"]
[Result "1-0"]
[WhiteElo "2413"]
[BlackElo "2391"]
[Annotator "TA"]
[PlyCount "145"]
[EventDate "2019.04.01"]
[EventType "tourn"]
[EventCountry "RUS"]
[SourceTitle "playchess.com"]
[Source "ChessBase"]
[SourceQuality "1"]

{[%evp 9,145,18,16,18,16,30,20,19,82,62,79,34,35,34,34,0,-13,-22,-22,-49,55,75,77,80,124,128,144,141,156,151,143,149,177,172,178,158,168,158,156,134,225,87,86,82,84,91,85,76,85,48,93,83,89,75,75,79,85,67,74,64,54,63,73,54,54,54,54,54,54,54,54,54,54,54,179,176,211,211,211,211,211,204,211,211,211,211,211,206,193,211,399,372,362,342,511,514,477,494,482,501,491,488,647,641,863,725,1140,1045,1546,1470,1475,1228,1307,1268,1158,1112,2297,1946,7520,6958,29974,29975,29981,29982,29985,29986,29986,29987,29987,29985,29985,29985,29986,29987,29989,29988,29991,29991]} 1. d4 e6 2. e4 d5 3. e5 c5 4. c3 Qa5 (4... Bd7 5. Nf3 Qb6 6. a3 Bb5 7. dxc5 Bxc5 8. Bxb5+ Qxb5 9. b4 Bb6 10. a4 Qc4 11. a5 Qe4+ 12. Qe2 Qxe2+ 13. Kxe2 Bc7 14. c4 Ne7 {1-0 (66) Vachier Lagrave,M (2781)-Aronian,L (2765) London 2018}) 5. dxc5 Qc7 6. Nf3 {C02: French: Advance Variation} Bxc5 7. Bd3 Nc6 8. Bf4 {The position is equal.} g5 (8... Nge7 $11 {remains equal.}) 9. Nxg5 $16 Nxe5 10. Bb5+ Kf8 $146 ({Predecessor:} 10... Ke7 11. Nxf7 Nd3+ 12. Qxd3 Qxf4 13. Nxh8 Qc1+ 14. Ke2 Qxh1 15. Qxh7+ {1-0 (15) Prie,E (2475)-Rouchouse,S (2200) Saint Affrique 1994}) 11. O-O {Strongly threatening Nxf7.} Bd6 12. Bg3 h5 13. Nf3 Nxf3+ 14. Qxf3 h4 (14... e5 $1 $15 15. Qxd5 h4) 15. Bxd6+ $14 Qxd6 16. Nd2 b6 17. Rfe1 Rb8 18. Rad1 Qc7 19. Nb3 Rh6 20. Qe3 a6 21. Bd3 Bb7 22. Nd4 Re8 23. Nf3 h3 24. g3 Qc5 (24... e5 $16 25. Bf5 (25. Nxe5 Rhe6 $16) 25... f6) 25. Ne5 (25. Qf4 $18 {has better winning chances.}) 25... Qxe3 $16 26. Rxe3 ({Of course not} 26. fxe3 $6 Nf6 $11) 26... Ke7 27. f4 Nf6 28. Bc2 Nd7 29. Nf3 b5 30. Nd4 {And now Nf5+ would win.} Kf8 31. a4 Nb6 32. axb5 Nc4 33. Ree1 Nxb2 34. Ra1 axb5 35. Ra7 Re7 36. Nf5 $36 {[%mdl 2048] Black is under pressure.} exf5 37. Rxe7 Kxe7 38. Rxb7+ $14 {[%mdl 4160] [#] Endgame Double Attack. KRB-KRN} Kf8 $1 39. Rxb5 Nc4 40. Bxf5 Ne3 41. Bd7 Ke7 ({Black should play} 41... f5 $14) 42. Rb7 $18 Kd8 43. Bb5 f5 44. Rd7+ Kc8 {[#]} 45. Re7 $1 {[%cal Re7e3]} Ng4 46. Bd3 Kd8 47. Re2 Rf6 48. Rd2 Ke7 49. Bf1 Rb6 $2 (49... Rc6 {might work better.} 50. Bxh3 (50. Rxd5 Rxc3 51. Rxf5 Rc1 $16) 50... Rxc3) 50. Bxh3 Rb1+ 51. Kg2 Ne3+ (51... Nh6 $142 52. Rxd5 Ke6) 52. Kf3 Nc4 53. Rxd5 Rb2 54. Bxf5 Rxh2 55. Bd3 Nd6 56. c4 Rh6 57. f5 Nf7 58. Kf4 Rh2 59. c5 Ra2 60. c6 Ra4+ 61. Ke3 Ra7 62. g4 Nd6 63. Re5+ Kf8 64. f6 Rc7 65. Rc5 {White mates.} Kf7 66. g5 Ne8 67. Bc4+ Kf8 68. Kf4 Ra7 69. Be6 Nc7 70. Bd7 Ra1 71. g6 Kg8 72. Ke5 Rd1 73. Ra5 {Accuracy: White = 69%, Black = 43%.} 1-0

[Event "92nd St. Petersburg-ch Men 2019"]
[Site "Sankt Petersburg"]
[Date "2019.04.02"]
[Round "2.4"]
[White "Askerov, Marat"]
[Black "Lesovoi, Evgenij"]
[Result "1/2-1/2"]
[WhiteElo "2318"]
[BlackElo "2305"]
[Annotator "TA"]
[PlyCount "172"]
[EventDate "2019.04.01"]
[EventType "tourn"]
[EventCountry "RUS"]
[SourceTitle "playchess.com"]
[Source "ChessBase"]
[SourceQuality "1"]

{[%evp 14,172,51,54,75,85,113,100,109,117,111,114,99,91,110,101,89,77,84,61,68,57,78,81,70,78,62,41,50,39,49,30,47,43,61,35,32,36,33,19,11,28,14,12,35,7,19,16,8,12,23,0,0,0,29,12,35,17,39,23,30,25,29,0,0,0,20,1,14,12,33,2,2,2,2,2,2,2,35,35,35,35,35,0,28,28,35,28,28,28,35,35,35,35,35,35,35,35,35,35,35,35,35,35,35,27,62,65,67,57,57,57,73,79,568,113,620,177,175,113,773,77,662,704,2904,2898,1030,1127,477,17,17,17,17,17,17,17,17,0,0,0,0,0,0,0,0,0,0,0,0,0,0,0,0,0,0,0,0,0,0,0,0]} 1. d4 Nf6 2. c4 e6 3. Nf3 d5 4. g3 dxc4 5. Bg2 a6 6. O-O Nc6 7. e3 Rb8 8. Nfd2 Na5 {E04: Open Catalan: 5 Nf3} (8... e5 9. Bxc6+ bxc6 10. dxe5 Ng4 11. Nxc4 Be6 12. Nbd2 h5 13. f3 Rb4 14. fxg4 Bxc4 15. Nxc4 Qxd1 16. Rxd1 Rxc4 {1-0 (40) Ding,L (2777)-Mamedyarov,S (2799) Huaian 2017}) 9. Qa4+ c6 10. b4 cxb3 {White is better.} 11. axb3 {[%cal Ba2b3,Bb3b4][%mdl 32]} b6 12. b4 Nb7 13. Bxc6+ Bd7 14. Bxd7+ Nxd7 15. Qxa6 Bxb4 16. Ba3 Bxa3 17. Nxa3 Nd6 $146 18. Nb5 Nxb5 19. Qxb5 {Hoping for Ra7.} O-O 20. Ra7 Nf6 21. Nc4 Qd5 22. Rb1 Qe4 23. Ra3 h6 24. Rab3 Nd5 25. Nd6 Qc2 26. Qc4 Rfc8 27. Qxc2 Rxc2 28. e4 Rc6 29. Nb5 (29. Nxf7 {feels hotter.} Kxf7 30. exd5 exd5 31. Kg2 Rc4 32. Rxb6 Rxb6 33. Rxb6 Rxd4 34. h4) 29... Nf6 30. f3 Ra8 31. R3b2 g5 32. h3 Ra4 33. Kf2 Ne8 34. Rd1 Ra8 35. h4 Rd8 36. hxg5 hxg5 37. Ke3 Kg7 38. Na7 Rc7 39. Nb5 Rc6 40. Rdb1 Nd6 41. Nxd6 Rcxd6 $11 {[%mdl 4096] Endgame KRR-KRR} 42. Rb5 Rxd4 43. Rxg5+ Kf6 44. Kf4 Rd3 45. Rgb5 Rc8 (45... e5+ $5 46. Rxe5 Rxf3+ 47. Kxf3 Kxe5 $14) 46. Rxb6 Rcc3 47. Rf1 Ra3 48. Kg4 Kg6 49. Rb5 Kf6 50. Rb8 Kg7 51. Kf4 Kf6 52. Rb6 Rdc3 53. g4 Re3 54. g5+ Kg6 55. Rb2 f6 56. gxf6 Kxf6 57. Rh2 Reb3 58. Rh6+ Kf7 59. Kg4 Re3 60. Rh3 Re2 61. Rb1 {Threatens to win with Rb7+.} Rg2+ 62. Kf4 Ra7 63. Rb6 {aiming for Rh7+.} Re7 $2 {[%mdl 8192] [#]} (63... Ra8 $16 {is a better chance.}) 64. Rb8 $2 (64. Ke5 $1 $18 {is the precise move to win.}) 64... Rg7 $2 {[%mdl 8192]} (64... Ra7 $16 65. Rb6 Ra8) 65. Rhh8 $2 (65. Rh6 Rg8 66. Rh7+ Rg7 67. Rxg7+ Kxg7 68. Ke5) 65... Ra7 $18 {[#]} 66. Rbe8 $1 {Black must now prevent Rhf8+.} Ra6 $2 {[%mdl 8192]} (66... Rg2 $16 67. Rh7+ Kxe8 68. Rxa7 Kf8) 67. Rhf8+ Kg6 68. Ke5 Rf7 69. Rg8+ Kh7 70. Rh8+ Kg6 71. Rh3 $2 ({White should try} 71. Rxe6+ $18 Rxe6+ 72. Kxe6 Rf6+ 73. Ke7 Rf7+ 74. Ke8 Rxf3 75. Rg8+ Kh6 76. Ke7) 71... Ra5+ $11 {The position is equal.} 72. Kd4 Ra4+ 73. Ke3 Ra3+ 74. Kf2 Kf6 75. Rb8 Ra2+ 76. Ke3 Ra3+ 77. Ke2 Ra2+ 78. Kd3 (78. Ke3 {with more complications.}) 78... Rd7+ 79. Kc4 Rc2+ 80. Kb3 Rcc7 81. Rb6 Ke5 82. Rh5+ Kd4 83. Rxe6 Rc3+ 84. Kb4 Rb7+ 85. Rb5 $1 {[%cal Rb5b7]} Rxb5+ 86. Kxb5 Rxf3 {Accuracy: White = 49%, Black = 51%.} 1/2-1/2

[Event "92nd St. Petersburg-ch Men 2019"]
[Site "Sankt Petersburg"]
[Date "2019.04.03"]
[Round "3.1"]
[White "Usmanov, Vasily"]
[Black "Lobanov, Sergei"]
[Result "1/2-1/2"]
[WhiteElo "2450"]
[BlackElo "2528"]
[Annotator "TA"]
[PlyCount "66"]
[EventDate "2019.04.01"]
[EventType "tourn"]
[EventCountry "RUS"]
[SourceTitle "playchess.com"]
[Source "ChessBase"]
[SourceQuality "1"]

{[%evp 13,66,-9,17,8,9,23,14,0,0,12,10,7,8,0,0,0,9,8,4,6,18,0,7,0,0,0,0,0,6,7,6,0,0,0,0,0,0,0,0,0,0,0,0,0,0,0,0,0,0,0,0,0,0,0,0]} 1. d4 {Krasenkow,M} Nf6 2. c4 e6 3. a3 c5 4. Nf3 d5 5. e3 Nc6 6. Nc3 a6 7. h3 {D40: Queen's Gambit Declined: Semi-Tarrasch with 5 e3} h6 {LiveBook: 4 Games} 8. dxc5 Bxc5 9. b4 Ba7 10. Bb2 {The position is equal.} O-O 11. Rc1 dxc4 $146 ({Predecessor:} 11... Re8 12. Bd3 dxc4 13. Bxc4 Qxd1+ 14. Rxd1 b5 15. Bd3 Bb7 16. Ke2 Kf8 17. Rhg1 Rad8 {1-0 (64) So,W (2822)-Karjakin,S (2783) Shamkir 2017 CBM 178 [Krasenkow,M]}) 12. Bxc4 Qxd1+ 13. Rxd1 b5 14. Bd3 Bb7 15. Ne4 Nxe4 16. Bxe4 {[#] Strongly threatening Rd7.} Rfd8 17. Rxd8+ (17. Rc1 {seems wilder.} Nxb4 18. Bxb7 Nd3+ 19. Ke2 Rab8 20. Bxa6 Nxb2 21. Rc7) 17... Nxd8 18. Bxb7 Nxb7 19. Ke2 Rc8 {[#] Hoping for ...Rc2+.} 20. Rd1 {And now Rd7 would win.} Rc2+ 21. Rd2 Rxd2+ 22. Kxd2 $11 {[%mdl 4096] Endgame KBN-KBN} f6 23. Bd4 Bxd4 24. Nxd4 {KN-KN} Kf7 25. Nc6 e5 26. Nb8 Ke6 27. Nxa6 {aiming for Nc7+.} Kd6 28. Kd3 Kc6 29. Kc3 Kb6 30. Nb8 Kc7 $1 {[%cal Rc7b8]} 31. Na6+ Kb6 32. Nb8 Kc7 $1 {[%cal Rc7b8]} 33. Na6+ Kb6 {Precision: White = 70%, Black = 82%.} 1/2-1/2